[Event "Tradewise Gibraltar Master 2015"]
[Site "Gibraltar ENG"]
[Date "2015.01.27"]
[Round "1.32"]
[White "Heinemann, Josefine"]
[Black "Ganguly, Surya Shekhar"]
[Result "0-1"]
[WhiteElo "2160"]
[BlackElo "2595"]
[PlyCount "64"]
[EventDate "2015.01.27"]
[EventType "swiss"]
[EventRounds "10"]
[EventCountry "ENG"]
[Source "lmi"]
[SourceDate "2015.01.27"]

1. e4 e5 2. Nf3 Nc6 3. Bb5 g6 4. c3 a6 5. Ba4 d6 6. d4 Bd7 7. O-O Bg7 8. Bg5
Nf6 9. Qe2 h6 10. Bh4 b5 11. Bb3 O-O 12. dxe5 Nxe5 13. Nxe5 dxe5 14. Rd1 Qe7
15. Nd2 Qc5 16. Nf3 Bc6 17. Bxf6 Bxf6 18. Bd5 Rad8 19. b4 Qb6 20. Rac1 Bxd5 21.
exd5 Rfe8 22. c4 e4 23. Nd2 e3 24. fxe3 Rxe3 25. Qf2 Re1+ 26. Rxe1 Bd4 27. Re2
bxc4 28. Nxc4 Bxf2+ 29. Rxf2 Qd4 30. Na5 Rxd5 31. Nc6 Qe3 32. Rcf1 Rd2 0-1

[Event "Tradewise Gibraltar Master 2015"]
[Site "Gibraltar ENG"]
[Date "2015.01.27"]
[Round "1.68"]
[White "Raznikov, Danny"]
[Black "Cawley, Paul F"]
[Result "1-0"]
[WhiteElo "2494"]
[BlackElo "2070"]
[PlyCount "63"]
[EventDate "2015.01.27"]
[EventType "swiss"]
[EventRounds "10"]
[EventCountry "ENG"]
[Source "lmi"]
[SourceDate "2015.01.27"]

1. d4 Nf6 2. c4 e6 3. Nc3 Bb4 4. e3 b6 5. Nge2 Bb7 6. a3 Be7 7. Ng3 h5 8. h4
Bd6 9. Rh3 Bxg3 10. Rxg3 Ng4 11. Rh3 Nf6 12. Bd3 d5 13. cxd5 exd5 14. Qf3 Qe7
15. Rg3 Nc6 16. Nxd5 Nxd5 17. Qxd5 Rd8 18. Qg5 g6 19. Bd2 Qe6 20. Kf1 Ne5 21.
Bb5+ c6 22. Be2 Nc4 23. Bc3 Rd5 24. Qf4 Nd6 25. e4 Nxe4 26. Re3 f5 27. Bc4 O-O
28. Kg1 Qd7 29. Rae1 b5 30. Ba2 Kh7 31. Rxe4 fxe4 32. Qxf8 1-0

[Event "Tradewise Gibraltar Master 2015"]
[Site "Gibraltar ENG"]
[Date "2015.01.28"]
[Round "2.19"]
[White "Bartel, Mateusz"]
[Black "Kjartansson, Gudmundur"]
[Result "0-1"]
[WhiteElo "2631"]
[BlackElo "2468"]
[PlyCount "78"]
[EventDate "2015.01.27"]
[EventType "swiss"]
[EventRounds "10"]
[EventCountry "ENG"]
[Source "lmi"]
[SourceDate "2015.01.27"]

1. e4 e5 2. Nf3 Nc6 3. Bb5 a6 4. Ba4 Nf6 5. O-O Be7 6. Qe2 b5 7. Bb3 d6 8. c3
O-O 9. d4 Bg4 10. Rd1 exd4 11. cxd4 d5 12. e5 Ne4 13. a4 b4 14. a5 Bh4 15. Be3
Ne7 16. h3 Bxf3 17. Qxf3 f5 18. Nd2 Kh8 19. Qh5 Ng6 20. f4 Bg3 21. Rf1 c6 22.
Rac1 Rc8 23. Nxe4 fxe4 24. f5 Nxe5 25. dxe5 Bxe5 26. Qe2 Qxa5 27. Bc5 Rfe8 28.
Qd2 Qd8 29. Qxb4 Rb8 30. Qa4 Qg5 31. Rfe1 Qg3 32. Re3 Qh2+ 33. Kf2 Rb5 34. Qxa6
Rxc5 35. Rxc5 Bd4 36. Rcc3 Qf4+ 37. Ke1 Bxe3 38. Qe2 d4 39. Rxc6 d3 0-1

[Event "Tradewise Gibraltar Master 2015"]
[Site "Gibraltar ENG"]
[Date "2015.01.28"]
[Round "2.69"]
[White "De Haan, Eric"]
[Black "Yu, Jonathan"]
[Result "0-1"]
[WhiteElo "2299"]
[BlackElo "2081"]
[PlyCount "130"]
[EventDate "2015.01.27"]
[EventType "swiss"]
[EventRounds "10"]
[EventCountry "ENG"]
[Source "lmi"]
[SourceDate "2015.01.27"]

1. d4 e6 2. c4 Nf6 3. Nc3 Bb4 4. e3 c5 5. Nge2 cxd4 6. exd4 O-O 7. a3 Be7 8.
Nf4 d5 9. cxd5 exd5 10. Bd3 Nc6 11. Be3 Re8 12. O-O Bd6 13. Ncxd5 Nxd5 14. Nxd5
Bxh2+ 15. Kxh2 Qxd5 16. Rc1 Bf5 17. Bc4 Qd6+ 18. Kg1 Qg6 19. Bd5 Rad8 20. Bxc6
bxc6 21. Rc5 h6 22. Qf3 Be4 23. Qh3 Bd5 24. Re1 Re6 25. Rcc1 Re4 26. f3 Re6 27.
Bf2 Rde8 28. Qg3 Qd3 29. Re5 Qd2 30. Rce1 Qxb2 31. f4 f5 32. Rxe6 Rxe6 33. Rxe6
Bxe6 34. Qg6 Qb1+ 35. Kh2 Bd5 36. Bh4 Qe4 37. Bf6 Qxf4+ 38. Kg1 Qg4 39. Qxg4
fxg4 40. Bd8 Kf7 41. g3 Ke8 42. Ba5 Kd7 43. Bb4 g6 44. Bf8 h5 45. Bh6 Ke6 46.
Bg5 Kf5 47. Be7 Ke4 48. Bf6 Kf3 49. Kh2 Kf2 50. Bg5 Bb3 51. Be7 a5 52. Bg5 a4
53. Be7 Ke3 54. Bf6 g5 55. Kg2 h4 56. Kh2 Kf2 57. Be5 Bd5 58. Bd6 Ke3 59. Be5
h3 60. Bf6 Kd3 61. Kg1 Kc4 62. Be5 c5 63. dxc5 Kb3 64. c6 Kxa3 65. c7 Bb7 0-1

[Event "Tradewise Gibraltar Master 2015"]
[Site "Gibraltar ENG"]
[Date "2015.01.29"]
[Round "3.26"]
[White "Sethuraman, S.P."]
[Black "Krush, Irina"]
[Result "1/2-1/2"]
[WhiteElo "2624"]
[BlackElo "2467"]
[PlyCount "87"]
[EventDate "2015.01.27"]
[EventType "swiss"]
[EventRounds "10"]
[EventCountry "ENG"]
[Source "lmi"]
[SourceDate "2015.01.27"]

1. e4 c5 2. Nf3 e6 3. d4 cxd4 4. Nxd4 Nc6 5. Nc3 Qc7 6. Be3 a6 7. Qf3 Bd6 8.
O-O-O Be5 9. Nxc6 bxc6 10. Bd4 Nf6 11. g4 c5 12. Bxe5 Qxe5 13. h4 Bb7 14. Bg2
h6 15. Kb1 Rb8 16. Qd3 O-O 17. g5 Nxe4 18. Bxe4 Bxe4 19. Qe3 d5 20. gxh6 f5 21.
hxg7 Rf7 22. b3 d4 23. Qh6 Rxg7 24. Nxe4 fxe4 25. Rhg1 Rbb7 26. Rg5 Rxg5 27.
hxg5 Rg7 28. Rh1 Kf7 29. Rg1 Qf5 30. Qh5+ Ke7 31. Qh4 Kd6 32. Qg3+ Qe5 33. Qh4
Qf5 34. Qh2+ Kd5 35. Qg3 Qf3 36. Qb8 Qxf2 37. Rh1 d3 38. Qd8+ Kc6 39. cxd3 exd3
40. Qa8+ Kb6 41. Qb8+ Kc6 42. Qa8+ Kb6 43. Qb8+ Kc6 44. Qa8+ 1/2-1/2

[Event "Tradewise Gibraltar Master 2015"]
[Site "Gibraltar ENG"]
[Date "2015.01.29"]
[Round "3.64"]
[White "Carlsson, Pontus"]
[Black "Seyfried, Claus"]
[Result "1-0"]
[WhiteElo "2465"]
[BlackElo "2147"]
[PlyCount "43"]
[EventDate "2015.01.27"]
[EventType "swiss"]
[EventRounds "10"]
[EventCountry "ENG"]
[Source "lmi"]
[SourceDate "2015.01.27"]

1. e4 c5 2. Nf3 e6 3. c3 d5 4. exd5 exd5 5. d4 Nc6 6. Bb5 Bd6 7. O-O Nge7 8.
dxc5 Bxc5 9. Nbd2 O-O 10. Nb3 Bb6 11. Re1 Bg4 12. Be3 Nf5 13. Bxb6 Qxb6 14.
Qxd5 Rad8 15. Qe4 Bxf3 16. Qxf5 Bd5 17. c4 Nb4 18. a4 Be4 19. Qxe4 Nd3 20. Re3
Nxb2 21. c5 Qc7 22. Qc2 1-0

[Event "Tradewise Gibraltar Master 2015"]
[Site "Gibraltar ENG"]
[Date "2015.01.29"]
[Round "3.71"]
[White "Wiedersich, Jens"]
[Black "Kuipers, Stefan"]
[Result "0-1"]
[WhiteElo "2125"]
[BlackElo "2390"]
[PlyCount "92"]
[EventDate "2015.01.27"]
[EventType "swiss"]
[EventRounds "10"]
[EventCountry "ENG"]
[Source "lmi"]
[SourceDate "2015.01.27"]

1. d4 Nf6 2. c4 e5 3. dxe5 Ng4 4. Nf3 Bc5 5. e3 Nc6 6. Bd2 O-O 7. Bc3 Re8 8.
Nbd2 Ncxe5 9. Nxe5 Nxe5 10. Nf3 Ng4 11. Nd4 d6 12. Be2 Qh4 13. g3 Qh3 14. Bf1
Qh6 15. Qd2 Nf6 16. Bg2 Rb8 17. O-O-O Bh3 18. Bxh3 Ne4 19. Qc2 Qxh3 20. f3 Ng5
21. Qf2 a6 22. Rhf1 b5 23. cxb5 axb5 24. b3 b4 25. Ba1 Bxd4 26. Rxd4 Rxe3 27.
Rdd1 Rxf3 28. Qa7 Re8 29. Rfe1 Ne6 30. Qa4 Qh6+ 31. Rd2 Rb8 32. Qa7 Rf8 33. Qb7
Rf2 34. Qxb4 Rxh2 35. Bc3 d5 36. Red1 c5 37. Qb7 d4 38. Ba5 Qe3 39. g4 h6 40.
Kc2 Rxd2+ 41. Bxd2 Qe2 42. Qc6 d3+ 43. Kc1 Qe5 44. Kb1 Nd4 45. Qa6 Nc2 46. Qa5
Qa1# 0-1

[Event "Tradewise Gibraltar Master 2015"]
[Site "Gibraltar ENG"]
[Date "2015.01.29"]
[Round "3.107"]
[White "Hellwig, Tobias"]
[Black "Lochte, Szilvia"]
[Result "1-0"]
[WhiteElo "2172"]
[BlackElo "1934"]
[PlyCount "73"]
[EventDate "2015.01.27"]
[EventType "swiss"]
[EventRounds "10"]
[EventCountry "ENG"]
[Source "lmi"]
[SourceDate "2015.01.27"]

1. d4 Nf6 2. c4 e6 3. Nc3 Bb4 4. e3 O-O 5. Nge2 b6 6. a3 Be7 7. e4 d6 8. Ng3 e5
9. d5 a5 10. Bd3 Re8 11. O-O Nbd7 12. Nf5 Nc5 13. Bc2 Bf8 14. Qe2 h6 15. f3 Kh7
16. g4 g6 17. Ng3 Be7 18. Be3 Kg7 19. b4 Ncd7 20. Ba4 Rh8 21. Rac1 axb4 22.
axb4 Nh7 23. Bc6 Ra6 24. Bb5 Ra8 25. Ra1 Bb7 26. Rxa8 Bxa8 27. Ra1 Nhf6 28. Ra7
Qc8 29. Qa2 Qb8 30. Bc6 Bxc6 31. dxc6 Nxg4 32. fxg4 Nf6 33. h3 Qc8 34. Kg2 Nh7
35. Nd5 Bd8 36. Qd2 Bg5 37. Rxc7 1-0

[Event "Tradewise Gibraltar Master 2015"]
[Site "Gibraltar ENG"]
[Date "2015.01.30"]
[Round "4.22"]
[White "Rapport, Richard"]
[Black "Venkatesh, M.R."]
[Result "1-0"]
[WhiteElo "2716"]
[BlackElo "2460"]
[PlyCount "71"]
[EventDate "2015.01.27"]
[EventType "swiss"]
[EventRounds "10"]
[EventCountry "ENG"]
[Source "lmi"]
[SourceDate "2015.01.27"]

1. d4 Nf6 2. Bg5 Ne4 3. h4 c5 4. dxc5 Na6 5. Nd2 Naxc5 6. Nxe4 Nxe4 7. Qd5 Nxg5
8. hxg5 e6 9. Qd2 Qb6 10. O-O-O Qxf2 11. Kb1 Be7 12. Nf3 d6 13. Qd3 g6 14. e3
e5 15. Qb3 Be6 16. Bb5+ Kf8 17. Bc4 Bf5 18. Rhf1 Qg3 19. Bd5 Kg7 20. e4 Be6 21.
Bxe6 fxe6 22. Qxe6 Rhe8 23. Nh4 Qxh4 24. Qf7+ Kh8 25. Rh1 Bxg5 26. Rxh4 Bxh4
27. Rh1 Re7 28. Qf3 Bg5 29. Qg4 Bf6 30. Qxg6 Rf8 31. Qh6 Ref7 32. a4 Rg8 33.
Qh3 Re7 34. Rd1 Rd8 35. Qf5 Bg7 36. Rxd6 1-0

[Event "Tradewise Gibraltar Master 2015"]
[Site "Gibraltar ENG"]
[Date "2015.01.30"]
[Round "4.24"]
[White "Cheparinov, Ivan"]
[Black "Mkrtchian, Lilit"]
[Result "1-0"]
[WhiteElo "2681"]
[BlackElo "2449"]
[PlyCount "39"]
[EventDate "2015.01.27"]
[EventType "swiss"]
[EventRounds "10"]
[EventCountry "ENG"]
[Source "lmi"]
[SourceDate "2015.01.27"]

1. d4 e6 2. c4 Bb4+ 3. Bd2 a5 4. Nc3 d6 5. e3 Nf6 6. Bd3 e5 7. Nge2 Nc6 8. a3
Bxc3 9. Bxc3 O-O 10. O-O Bg4 11. f3 Bh5 12. d5 Nb8 13. e4 Nbd7 14. b4 axb4 15.
axb4 Rxa1 16. Qxa1 c5 17. b5 Qc8 18. g4 Bg6 19. f4 h6 20. f5 1-0

[Event "Tradewise Gibraltar Master 2015"]
[Site "Gibraltar ENG"]
[Date "2015.01.30"]
[Round "4.25"]
[White "Motylev, Alexander"]
[Black "Martinez Martin, David"]
[Result "1-0"]
[WhiteElo "2665"]
[BlackElo "2407"]
[PlyCount "53"]
[EventDate "2015.01.27"]
[EventType "swiss"]
[EventRounds "10"]
[EventCountry "ENG"]
[Source "lmi"]
[SourceDate "2015.01.27"]

1. e4 e6 2. d4 d5 3. e5 c5 4. c3 Nc6 5. Nf3 Nh6 6. a3 cxd4 7. cxd4 Nf5 8. Nc3
Be7 9. Bd3 O-O 10. O-O Nfxd4 11. Nxd4 Nxd4 12. Bxh7+ Kxh7 13. Qxd4 f6 14. Re1
fxe5 15. Rxe5 Kg8 16. Qd3 Bf6 17. Rh5 Kf7 18. Bf4 Bd7 19. Re1 Qb6 20. Qh3 Rad8
21. Rh7 Rg8 22. Qh5+ Kf8 23. Qf3 Re8 24. Be5 Re7 25. Bxf6 Rf7 26. Nxd5 Qa5 27.
Nc3 1-0

[Event "Tradewise Gibraltar Master 2015"]
[Site "Gibraltar ENG"]
[Date "2015.01.30"]
[Round "4.26"]
[White "Docx, Stefan"]
[Black "Iturrizaga Bonelli, Eduardo"]
[Result "1/2-1/2"]
[WhiteElo "2450"]
[BlackElo "2649"]
[PlyCount "62"]
[EventDate "2015.01.27"]
[EventType "swiss"]
[EventRounds "10"]
[EventCountry "ENG"]
[Source "lmi"]
[SourceDate "2015.01.27"]

1. d4 Nf6 2. Bg5 d5 3. e3 c5 4. Bxf6 gxf6 5. dxc5 e6 6. Nf3 Bxc5 7. c4 dxc4 8.
Qxd8+ Kxd8 9. Bxc4 Nc6 10. O-O Bd7 11. Nc3 Ke7 12. Rfd1 Rhd8 13. Be2 Be8 14.
Rac1 Rxd1+ 15. Bxd1 Rd8 16. a3 f5 17. g3 Bd6 18. Be2 a6 19. Rd1 Rc8 20. Re1 Bd7
21. Na2 b5 22. Kf1 h6 23. h3 e5 24. Nc3 Be6 25. g4 fxg4 26. hxg4 Na7 27. Nd2
Kf8 28. Nde4 Be7 29. Kg2 a5 30. Ra1 Rc7 31. Kf3 b4 1/2-1/2

[Event "Tradewise Gibraltar Master 2015"]
[Site "Gibraltar ENG"]
[Date "2015.01.30"]
[Round "4.27"]
[White "Edouard, Romain"]
[Black "Solomon, Kenny"]
[Result "1-0"]
[WhiteElo "2638"]
[BlackElo "2399"]
[PlyCount "95"]
[EventDate "2015.01.27"]
[EventType "swiss"]
[EventRounds "10"]
[EventCountry "ENG"]
[Source "lmi"]
[SourceDate "2015.01.27"]

1. d4 d5 2. c4 e6 3. Nc3 Be7 4. Bf4 Nf6 5. e3 O-O 6. a3 b6 7. Nb5 Na6 8. Nf3
Bb7 9. Qc2 c6 10. Nc3 c5 11. Rd1 Qc8 12. cxd5 exd5 13. Bd3 g6 14. h4 cxd4 15.
Nxd4 Nc5 16. Be2 Nce4 17. Nxe4 dxe4 18. Qb1 Qc5 19. O-O Rac8 20. Bg5 a6 21. Rd2
b5 22. Rfd1 Qb6 23. g3 Rfe8 24. Bf1 Rcd8 25. Bg2 Kg7 26. Ne2 Rxd2 27. Rxd2 b4
28. axb4 Bxb4 29. Rd4 Bc5 30. Rc4 Bd5 31. Rc1 Bb4 32. Nc3 Bxc3 33. Rxc3 h6 34.
Bf4 Bb3 35. Qc1 Qb5 36. Rc5 Qb4 37. Be5 Rd8 38. Bc3 Qb6 39. Bd4 Qb4 40. Qc3
Qxc3 41. Rxc3 Bd5 42. Rc5 g5 43. Ra5 gxh4 44. Rxa6 Be6 45. gxh4 Kg6 46. Kh2
Ng4+ 47. Kg3 Kf5 48. h5 1-0

[Event "Tradewise Gibraltar Master 2015"]
[Site "Gibraltar ENG"]
[Date "2015.01.30"]
[Round "4.28"]
[White "Kuipers, Stefan"]
[Black "Sutovsky, Emil"]
[Result "1/2-1/2"]
[WhiteElo "2390"]
[BlackElo "2637"]
[PlyCount "69"]
[EventDate "2015.01.27"]
[EventType "swiss"]
[EventRounds "10"]
[EventCountry "ENG"]
[Source "lmi"]
[SourceDate "2015.01.27"]

1. e4 c5 2. Nf3 d6 3. d4 cxd4 4. Nxd4 Nf6 5. Nc3 a6 6. Qd3 Nbd7 7. Be2 e6 8.
O-O b5 9. b4 Bb7 10. a4 bxa4 11. Rxa4 Rc8 12. Qg3 e5 13. Nb3 Nxe4 14. Nxe4 Bxe4
15. c4 Be7 16. Qxg7 Bf6 17. Qg3 Ke7 18. Qe3 Bc6 19. Rxa6 Rg8 20. g3 Nb8 21.
Ra7+ Rc7 22. b5 Rxa7 23. Qxa7+ Qd7 24. Qe3 Ba8 25. c5 Bg5 26. cxd6+ Kf8 27.
Qxe5 Qh3 28. f3 Nd7 29. Qd4 Bd8 30. Qf2 Bb6 31. Be3 Bxe3 32. Qxe3 Rxg3+ 33.
hxg3 Qxg3+ 34. Kh1 Qh3+ 35. Kg1 1/2-1/2

[Event "Tradewise Gibraltar Master 2015"]
[Site "Gibraltar ENG"]
[Date "2015.01.30"]
[Round "4.29"]
[White "Bachmann, Axel"]
[Black "Foisor, Cristina-Adela"]
[Result "1-0"]
[WhiteElo "2629"]
[BlackElo "2390"]
[PlyCount "81"]
[EventDate "2015.01.27"]
[EventType "swiss"]
[EventRounds "10"]
[EventCountry "ENG"]
[Source "lmi"]
[SourceDate "2015.01.27"]

1. e4 g6 2. d4 Bg7 3. Nc3 c6 4. h3 d6 5. Be3 Nd7 6. Nf3 Qc7 7. a4 Ngf6 8. Be2
O-O 9. O-O b6 10. Nd2 Bb7 11. f4 a6 12. e5 Nd5 13. Nxd5 cxd5 14. Bd3 e6 15. Nf3
f6 16. exd6 Qxd6 17. c3 f5 18. Ne5 Nf6 19. h4 a5 20. Qe2 Ra7 21. Rfc1 Ne4 22.
b3 Qd8 23. Bxe4 fxe4 24. h5 gxh5 25. Qxh5 Qe8 26. Qh3 Ba6 27. c4 Bxe5 28. fxe5
Qg6 29. Rf1 Raf7 30. Rxf7 Rxf7 31. Qh4 h5 32. cxd5 exd5 33. Ra2 Kh7 34. Rc2 Bd3
35. Rf2 Kg7 36. Rxf7+ Kxf7 37. Qd8 Qc6 38. Bg5 e3 39. Qe7+ Kg6 40. Bxe3 Be4 41.
e6 1-0

[Event "Tradewise Gibraltar Master 2015"]
[Site "Gibraltar ENG"]
[Date "2015.01.30"]
[Round "4.30"]
[White "Padmini, Rout"]
[Black "Sethuraman, S.P."]
[Result "0-1"]
[WhiteElo "2388"]
[BlackElo "2624"]
[PlyCount "74"]
[EventDate "2015.01.27"]
[EventType "swiss"]
[EventRounds "10"]
[EventCountry "ENG"]
[Source "lmi"]
[SourceDate "2015.01.27"]

1. e4 c5 2. Nf3 e6 3. d4 cxd4 4. Nxd4 Nc6 5. Nc3 Qc7 6. Be3 a6 7. Be2 Nf6 8.
O-O Be7 9. f4 d6 10. Kh1 O-O 11. a4 Bd7 12. Nb3 b6 13. Bf3 Rfe8 14. g4 Bc8 15.
g5 Nd7 16. Bg2 Bf8 17. Qh5 g6 18. Qh4 Rb8 19. Rf3 Bg7 20. f5 Bxc3 21. bxc3 exf5
22. exf5 Nce5 23. Rg3 Nf8 24. f6 h5 25. gxh6 Kh7 26. Bd4 Bb7 27. Nd2 Bxg2+ 28.
Rxg2 Ne6 29. Re1 b5 30. axb5 Rxb5 31. Rge2 Qb7+ 32. Qe4 Nc6 33. Nf3 Rf5 34. Kg1
Nexd4 35. Qxe8 Nxf3+ 36. Kf2 Nxe1+ 37. Kxe1 Qb1+ 0-1

[Event "Tradewise Gibraltar Master 2015"]
[Site "Gibraltar ENG"]
[Date "2015.01.30"]
[Round "4.31"]
[White "Bellon Lopez, Juan Manuel"]
[Black "Nabaty, Tamir"]
[Result "0-1"]
[WhiteElo "2370"]
[BlackElo "2579"]
[PlyCount "62"]
[EventDate "2015.01.27"]
[EventType "swiss"]
[EventRounds "10"]
[EventCountry "ENG"]
[Source "lmi"]
[SourceDate "2015.01.27"]

1. d4 d5 2. Nf3 e6 3. c4 dxc4 4. e3 b5 5. a4 b4 6. Bxc4 Nf6 7. O-O Bb7 8. Nbd2
Be7 9. b3 O-O 10. Bb2 c5 11. Qe2 cxd4 12. Bxd4 Nc6 13. Bb2 Na5 14. Rfd1 Nd5 15.
Rac1 Bf6 16. Bxf6 Qxf6 17. Bxd5 Bxd5 18. e4 Bxb3 19. Nxb3 Nxb3 20. Rb1 Qc3 21.
Qb2 Rad8 22. Rxd8 Rxd8 23. h3 Qxb2 24. Rxb2 Rd1+ 25. Kh2 Rd3 26. Ne5 Rc3 27. a5
Kf8 28. f3 Ke7 29. Nc6+ Rxc6 30. Rxb3 Rc4 31. Rd3 Rc5 0-1

[Event "Tradewise Gibraltar Master 2015"]
[Site "Gibraltar ENG"]
[Date "2015.01.30"]
[Round "4.32"]
[White "Christiansen, Johan-Sebastian"]
[Black "Felgaer, Ruben"]
[Result "0-1"]
[WhiteElo "2354"]
[BlackElo "2575"]
[PlyCount "62"]
[EventDate "2015.01.27"]
[EventType "swiss"]
[EventRounds "10"]
[EventCountry "ENG"]
[Source "lmi"]
[SourceDate "2015.01.27"]

1. Nf3 Nf6 2. c4 g6 3. Nc3 Bg7 4. g3 O-O 5. Bg2 d6 6. O-O Nc6 7. d4 Bf5 8. d5
Na5 9. Nd2 c5 10. a3 b6 11. b4 Nb7 12. Bb2 Qd7 13. Re1 Bh3 14. Bh1 Rfe8 15. Qb3
Qf5 16. e4 Qh5 17. Ne2 g5 18. Nc1 Nd7 19. Bxg7 Kxg7 20. Nd3 Ne5 21. Nb2 f6 22.
Nd1 cxb4 23. axb4 a5 24. Nb2 axb4 25. Rxa8 Rxa8 26. Qxb4 Nc5 27. Qxb6 Qe2 28.
Rd1 Ncd3 29. Rf1 Bxf1 30. Nd1 Bh3 31. Bg2 Qxd2 0-1

[Event "Tradewise Gibraltar Master 2015"]
[Site "Gibraltar ENG"]
[Date "2015.01.30"]
[Round "4.34"]
[White "Wemmers, Xander"]
[Black "Sandipan, Chanda"]
[Result "0-1"]
[WhiteElo "2353"]
[BlackElo "2574"]
[PlyCount "48"]
[EventDate "2015.01.27"]
[EventType "swiss"]
[EventRounds "10"]
[EventCountry "ENG"]
[Source "lmi"]
[SourceDate "2015.01.27"]

1. d4 d5 2. c4 c6 3. Nf3 Nf6 4. Qb3 dxc4 5. Qxc4 Bg4 6. Nbd2 Nbd7 7. g3 Qa5 8.
b4 Qd5 9. Bg2 e6 10. O-O Nb6 11. Qc3 Qb5 12. e4 Bxb4 13. Qe3 Bxf3 14. Qxf3 Na4
15. a3 Bxd2 16. Bxd2 Qc4 17. Rab1 Qxd4 18. Rxb7 O-O 19. Rd1 Qc4 20. e5 Nd5 21.
Bf1 Qa2 22. Bb4 c5 23. Bd3 cxb4 24. Kg2 f5 0-1

[Event "Tradewise Gibraltar Master 2015"]
[Site "Gibraltar ENG"]
[Date "2015.01.30"]
[Round "4.35"]
[White "Chirila, Ioan-Cristian"]
[Black "Houska, Jovanka"]
[Result "1-0"]
[WhiteElo "2548"]
[BlackElo "2388"]
[PlyCount "53"]
[EventDate "2015.01.27"]
[EventType "swiss"]
[EventRounds "10"]
[EventCountry "ENG"]
[Source "lmi"]
[SourceDate "2015.01.27"]

1. d4 d5 2. c4 c6 3. Nf3 Nf6 4. Nc3 g6 5. g3 Bg7 6. Bg2 O-O 7. cxd5 cxd5 8. Ne5
b6 9. O-O Bb7 10. Qa4 e6 11. Bf4 a6 12. Rfd1 Nfd7 13. e4 dxe4 14. Bxe4 Bxe4 15.
Nxe4 b5 16. Qb3 Nb6 17. Qf3 Nd5 18. h4 f6 19. Nd3 Nc6 20. Ndc5 Re8 21. Nd6 g5
22. Nxe8 Qxe8 23. hxg5 fxg5 24. Be5 Rd8 25. Bxg7 Kxg7 26. Qg4 Kf7 27. Qh5+ 1-0

[Event "Tradewise Gibraltar Master 2015"]
[Site "Gibraltar ENG"]
[Date "2015.01.30"]
[Round "4.36"]
[White "Holm, Kristian Stuvik"]
[Black "Troff, Kayden W"]
[Result "1-0"]
[WhiteElo "2330"]
[BlackElo "2541"]
[PlyCount "71"]
[EventDate "2015.01.27"]
[EventType "swiss"]
[EventRounds "10"]
[EventCountry "ENG"]
[Source "lmi"]
[SourceDate "2015.01.27"]

1. Nf3 Nf6 2. c4 g6 3. Nc3 d5 4. cxd5 Nxd5 5. Qb3 Nb6 6. d4 Bg7 7. Bf4 Be6 8.
Qa3 Nc6 9. e3 O-O 10. Bb5 Nb8 11. Be2 c6 12. Nd2 a5 13. O-O N8d7 14. Rac1 f6
15. Rfd1 Bf7 16. Bg3 Re8 17. b3 h6 18. h3 Kh7 19. h4 f5 20. Nf3 a4 21. bxa4
Nxa4 22. Nxa4 Nb6 23. Qb2 Rxa4 24. a3 Bf6 25. Bd3 Bd5 26. h5 Ra7 27. hxg6+ Kxg6
28. Nh4+ Bxh4 29. Bxh4 Nd7 30. Qc2 Kh5 31. g3 Be4 32. Bxe4 fxe4 33. Qxe4 Ra5
34. d5 Rf8 35. dxc6 bxc6 36. Bxe7 1-0

[Event "Tradewise Gibraltar Master 2015"]
[Site "Gibraltar ENG"]
[Date "2015.01.30"]
[Round "4.38"]
[White "Rasmussen, Allan Stig"]
[Black "Vuilleumier, Alexandre"]
[Result "1/2-1/2"]
[WhiteElo "2526"]
[BlackElo "2336"]
[PlyCount "195"]
[EventDate "2015.01.27"]
[EventType "swiss"]
[EventRounds "10"]
[EventCountry "ENG"]
[Source "lmi"]
[SourceDate "2015.01.27"]

1. Nf3 Nf6 2. c4 e6 3. g3 a6 4. b3 b5 5. Bg2 Bb7 6. Nc3 b4 7. Na4 Be7 8. O-O
O-O 9. d4 d6 10. Bb2 Nbd7 11. d5 exd5 12. Nh4 Ne4 13. cxd5 Ndc5 14. Nxc5 Nxc5
15. Nf5 Bf6 16. Nd4 Re8 17. Qc2 a5 18. a3 a4 19. axb4 axb3 20. Qb1 Na4 21. e3
Qd7 22. Rd1 Ra6 23. Rd3 Nxb2 24. Qxb2 Rxa1+ 25. Qxa1 Ra8 26. Qb2 Qa4 27. Qxb3
Qxb3 28. Nxb3 Ra4 29. b5 Rb4 30. Na5 Rxb5 31. Rb3 Rxb3 32. Nxb3 Bc3 33. f4 Ba6
34. Bf1 Bb7 35. Bg2 Ba6 36. Bf1 Bb7 37. Bc4 c6 38. e4 cxd5 39. Bxd5 Bxd5 40.
exd5 f5 41. Kf2 Kf7 42. Ke3 Kf6 43. Kd3 Be1 44. Nd4 Bf2 45. Nb5 Bc5 46. Nc7 h6
47. h3 g5 48. Ke2 Bb4 49. Nb5 Bc5 50. Kf3 Bb4 51. Nd4 Bc5 52. Nb5 Bb4 53. Nd4
Bc5 54. Nb3 Bb4 55. Nc1 Bc5 56. Nd3 Bd4 57. Nb4 Bc5 58. Na6 Ba7 59. Nb4 Bc5 60.
Nc6 Bb6 61. Kg2 Be3 62. Kf3 Bb6 63. Ke2 Bc5 64. Na5 Bb4 65. Nc4 Bc5 66. Kf3 Bb4
67. Kf2 Bc5+ 68. Ke2 Bb4 69. Kf3 Bc5 70. fxg5+ Kxg5 71. Na5 Kf6 72. Nc6 Ba3 73.
g4 Bc1 74. Nb4 Bd2 75. Nd3 Kg5 76. Nb2 fxg4+ 77. hxg4 h5 78. gxh5 Kxh5 79. Ke4
Kg6 80. Kd4 Kf5 81. Kc4 Ke4 82. Nd3 Be3 83. Nb4 Bg1 84. Nc6 Bh2 85. Na7 Bg3 86.
Nb5 Be5 87. Nc7 Bh2 88. Kb5 Ke5 89. Kc6 Kf6 90. Nb5 Ke7 91. Nd4 Kd8 92. Nf5 Be5
93. Nxd6 Bf4 94. Nb7+ Ke7 95. Nc5 Bh2 96. Ne4 Kd8 97. d6 Bxd6 98. Nxd6 1/2-1/2

[Event "Tradewise Gibraltar Master 2015"]
[Site "Gibraltar ENG"]
[Date "2015.01.30"]
[Round "4.39"]
[White "Lombaers, Peter"]
[Black "Xu, Jun"]
[Result "1/2-1/2"]
[WhiteElo "2291"]
[BlackElo "2523"]
[PlyCount "151"]
[EventDate "2015.01.27"]
[EventType "swiss"]
[EventRounds "10"]
[EventCountry "ENG"]
[Source "lmi"]
[SourceDate "2015.01.27"]

1. e4 c5 2. d4 cxd4 3. c3 Nf6 4. e5 Nd5 5. Nf3 Nc6 6. Bc4 Nb6 7. Bb3 d5 8. exd6
Qxd6 9. O-O Be6 10. Na3 Bxb3 11. Qxb3 Rc8 12. Nb5 Qd5 13. Nfxd4 Nxd4 14. Nxd4
e6 15. Rd1 Qxb3 16. axb3 a6 17. b4 Nd5 18. Bg5 h6 19. Bh4 g5 20. Bg3 Be7 21.
Be5 O-O 22. Nf5 exf5 23. Rxd5 Rfd8 24. Rad1 Rxd5 25. Rxd5 Bxb4 26. h4 Be7 27.
Rd7 Re8 28. Rxb7 Bc5 29. Rb8 Rxb8 30. Bxb8 gxh4 31. Kf1 Kf8 32. Bf4 h5 33. Ke2
Ke8 34. Bg5 Kd7 35. Bxh4 Kc6 36. Kd3 Kd5 37. f3 Bd6 38. Bf2 Be7 39. Bd4 Bf6 40.
Bg1 Be7 41. Be3 Bf8 42. Ba7 Be7 43. Bb6 Bf8 44. Bd8 Bc5 45. Bf6 Bb6 46. Bh8 Ba7
47. Bg7 Bb6 48. b3 Bc5 49. Bf6 Bb6 50. Bg5 Bc5 51. Be3 Be7 52. Bd4 Bd6 53. Ke3
Bc7 54. Ke2 Bd6 55. Kd3 Be7 56. c4+ Kc6 57. Kc3 Bd6 58. b4 Bc7 59. Kb3 Bg3 60.
Ka4 Be1 61. Bc5 Bd2 62. Bf2 Bc3 63. b5+ axb5+ 64. cxb5+ Kd5 65. Kb3 Ba5 66. Kc2
Bb4 67. Kd3 Ba5 68. Ba7 Be1 69. Ke3 Bg3 70. Ke2 Bd6 71. Kd3 Bb4 72. Kc2 Kc4 73.
b6 Bc5 74. Kd2 Bd4 75. Ke2 Bc5 76. Kd2 1/2-1/2